Hillier's fundamentals of automotive electronics. (Record no. 12004)

000 -LEADER
fixed length control field 00853cam a2200265 i 4500
001 - CONTROL NUMBER
control field 17521717
005 - DATE AND TIME OF LATEST TRANSACTION
control field 20170105102353.0
008 - FIXED-LENGTH DATA ELEMENTS--GENERAL INFORMATION
fixed length control field 121107s2012 enka 001 0 eng
010 ## - LIBRARY OF CONGRESS CONTROL NUMBER
LC control number 2012494430
020 ## - INTERNATIONAL STANDARD BOOK NUMBER
International Standard Book Number 9781408515372 (pbk.)
020 ## - INTERNATIONAL STANDARD BOOK NUMBER
International Standard Book Number 1408515377 (pbk.)
040 ## - CATALOGING SOURCE
Original cataloging agency DLC
Language of cataloging eng
Transcribing agency DLC
Description conventions rda
042 ## - AUTHENTICATION CODE
Authentication code pcc
050 00 - LIBRARY OF CONGRESS CALL NUMBER
Classification number TL272.5
Item number .H47 2012
082 00 - DEWEY DECIMAL CLASSIFICATION NUMBER
Classification number 629.2549
Edition number 19
100 1# - MAIN ENTRY--PERSONAL NAME
Personal name Hillier, V. A. W.
Fuller form of name (Victor Albert Walter)
245 10 - TITLE STATEMENT
Title Hillier's fundamentals of automotive electronics.
Statement of responsibility, etc. V.A.W. Hillier
250 ## - EDITION STATEMENT
Edition statement Sixth edition.
300 ## - PHYSICAL DESCRIPTION
Extent 354 pages :
Other physical details illustrations (some color) ;
Dimensions 27 cm
500 ## - GENERAL NOTE
General note Includes index.
650 #0 - SUBJECT ADDED ENTRY--TOPICAL TERM
Topical term or geographic name entry element Automobiles
General subdivision Electronic equipment.
906 ## - LOCAL DATA ELEMENT F, LDF (RLIN)
a 7
b cbc
c origres
d 2
e ncip
f 20
g y-gencatlg
942 ## - ADDED ENTRY ELEMENTS (KOHA)
Source of classification or shelving scheme
Koha item type Book
Holdings
Withdrawn status Lost status Damaged status Not for loan Collection code Permanent Location Current Location Shelving location Date acquired Source of acquisition Cost, normal purchase price Total Checkouts Total Renewals Full call number Barcode Date last seen Date last checked out Price effective from Koha item type
          Central Library (CL) Central Library (CL) General Stacks 07/03/2013 Progressive International Agencies 3223.44 4 1 629.2549 HIL SEECS012567 07/10/2023 03/29/2016 07/10/2013 Book
© 2023 Central Library, National University of Sciences and Technology. All Rights Reserved.